000 00630nam a2200277Ia 4500
005 20260401125707.0
008 008 300114s9999 xx 000 0 eng d
020 _a9788122478921
037 _aEBOOK
040 _aCRL
040 _beng
040 _cCRL
041 _2eng
041 _aeng
084 _qCRL
100 _aRajasree, Y.
_91233847
245 0 _aAdvanced Microprocessors
250 _a4
260 _bNew Age
260 _c2026
650 _aComputer Science
856 _uhttps://digital.elib4u.com/product-details/650474
942 _cEBOOK
999 _c1847673
_d1847673